| 000 -ლიდერი |
| ფიქსირებული სიგრძის საკონტროლო ველი |
01657nam a2200301Ia 4500 |
| 001 - საკონტროლო ნომერი |
| საკონტროლო ველი |
11793 |
| 003 - საკონტროლო ნომრის იდენტიფიკატორი |
| საკონტროლო ველი |
GE_BSU |
| 005 - ბოლო ოპერაციის თარიღი და დრო |
| საკონტროლო ველი |
20240626113324.0 |
| 008 - ფიქსირებული სიგრძის მონაცემთა ელემენტები - ზოგადი ინფორმაცია |
| ფიქსირებული სიგრძის საკონტროლო ველი |
181216s2014||||ge |||||||||||||| ||geo|| |
| 020 ## - წიგნის საერთაშორისო სტანდარტული ნომერი |
| International Standard Book Number |
9729941114625 |
| 040 ## - კატალოგიზაციის წყარო |
| Transcribing agency |
GE_BSU |
| 041 ## - ენის კოდი |
| Language code of text/sound track or separate title |
geo |
| 080 ## - უნივერსალური ათობითი კლასიფიკაციის ინდექსი |
| Universal Decimal Classification number |
616.896 ბ–45 |
| 100 ## - მთავარი ჩანაწერი - პიროვნების სახელი |
| Personal name |
ბელასენი, მარკ |
| 9 (RLIN) |
22582 |
| 245 ## - ცნობა სათაურის შესახებ |
| Title |
აუტისტი ბავშვი : |
| Remainder of title |
სახელმძღვ. მშობლებისთვის / |
| Statement of responsibility, etc |
მარკ ბელასენი, ოლგა შავერნე ; მთარგმნ. ნინო ზარდიაშვილი [და სხვ.] ; რედ. : ლალი ჭინჭარაული, სოლომონ ნოზაძე. |
| 264 ## - წარმოების, გამოცემის, დისტრიბუციის და სხვა ცნობები |
| გამოცემის, წარმოების, დისტრიბუციის... ადგილი |
თბილისი : |
| გამოცემის, წარმოების, დისტრიბუციის... სახელწოდება |
დიოგენე, |
| გამოცემის, წარმოების, დისტრიბუციის... თარიღი |
2014. |
| 300 ## - ფიზიკური აღწერა |
| Extent |
309 გვ. ; |
| Dimensions |
19 სმ. |
| 504 ## - BIBLIOGRAPHY, ETC. NOTE |
| Bibliography, etc |
ბიბლიოგრაფია ტექსტები შენიშვნებში |
| 630 ## - SUBJECT ADDED ENTRY--UNIFORM TITLE |
| Language of a work |
|
| 9 (RLIN) |
22583 |
| 653 ## - INDEX TERM--UNCONTROLLED |
| Uncontrolled term |
აუტისტი ბავშვი |
| 700 ## - ADDED ENTRY--PERSONAL NAME |
| Personal name |
შავერნე, ოლგა |
| Relator term |
ავტორი |
| 9 (RLIN) |
22584 |
| 700 ## - ADDED ENTRY--PERSONAL NAME |
| Personal name |
ზარდიაშვილი, ნინო |
| Relator term |
მთარგმნელი |
| 9 (RLIN) |
22585 |
| 700 ## - ADDED ENTRY--PERSONAL NAME |
| Personal name |
ტარასაშვილი, მარინე |
| Relator term |
მთარგმნელი |
| 9 (RLIN) |
22586 |
| 700 ## - ADDED ENTRY--PERSONAL NAME |
| Personal name |
თავბერიძე, ირინა |
| Relator term |
მთარგმნელი |
| 9 (RLIN) |
22587 |
| 700 ## - ADDED ENTRY--PERSONAL NAME |
| Personal name |
ჭინჭარაული, ლალი |
| Relator term |
რედაქტორი |
| 9 (RLIN) |
12259 |
| 700 ## - ADDED ENTRY--PERSONAL NAME |
| Personal name |
ნოზაძე, სოლომონ |
| Relator term |
რედაქტორი |
| 9 (RLIN) |
22588 |
| 942 ## - ADDED ENTRY ELEMENTS (KOHA) |
| Koha item type |
წიგნი |
| Source of classification or shelving scheme |
|